Changing the channel : 12 easy ways to make millions for your business (Record no. 183444)
[ view plain ]
| 000 -LEADER | |
|---|---|
| fixed length control field | 00431nam a2200145Ia 4500 |
| 005 - DATE AND TIME OF LATEST TRANSACTION | |
| control field | 20250430173942.0 |
| 008 - FIXED-LENGTH DATA ELEMENTS--GENERAL INFORMATION | |
| fixed length control field | 231217s9999 xx 000 0 und d |
| 020 ## - INTERNATIONAL STANDARD BOOK NUMBER | |
| International Standard Book Number | 9780470375020 |
| 082 ## - DEWEY DECIMAL CLASSIFICATION NUMBER | |
| Classification number | 658.8 MAS;1 R |
| 100 ## - MAIN ENTRY--PERSONAL NAME | |
| Personal name | Masterson, Michael. Tribby, Maryellen. |
| 245 #0 - TITLE STATEMENT | |
| Title | Changing the channel : 12 easy ways to make millions for your business |
| 260 ## - PUBLICATION, DISTRIBUTION, ETC. (IMPRINT) | |
| Date of publication, distribution, etc. | 2009 |
| Name of publisher, distributor, etc. | John Wiley & Sons |
| Place of publication, distribution, etc. | USA |
| 300 ## - PHYSICAL DESCRIPTION | |
| Extent | xiv+285 |
| 942 ## - ADDED ENTRY ELEMENTS (KOHA) | |
| Koha item type | Books |
| Date last seen | Total Checkouts | Full call number | Accession number | Old discount | Cost, replacement price | Price effective from | Category | Public note | Lost status | Damaged status | Department | Withdrawn status | bill no. | bill date | Permanent Location | Current Location | Shelving location | Entry date | Vendor | Cost, normal purchase price | Grants | Currency symbol | Conversion rate | Discount | Discount type |
|---|---|---|---|---|---|---|---|---|---|---|---|---|---|---|---|---|---|---|---|---|---|---|---|---|---|
| 26/01/2024 | 658.8 MAS;1 R | 54776 | 20 | 1005.98 | 26/01/2024 | Books | Missing found 2020 | MBA | 0910/0373 | 26/01/2013 | Central Library | Central Library | MBA | 22/07/2009 | Surya Infotainment Products Pvt. Ltd. | 24.95 | MBA | USD | 50.4 | 4.99 | Rupees |
